Analýza najvýznamnejších exportných trhov vo vybranom SR podniku diplomová práca
Saved in:
| Main Author: | |
|---|---|
| Corporate Author: | |
| Other Authors: | |
| Format: | Book |
| Language: | Slovak |
| Published: |
Bratislava
2023
|
| Tags: |
No Tags, Be the first to tag this record!
|
MARC
| LEADER | 00000nbm a2200000 4500 | ||
|---|---|---|---|
| 001 | 0293671 | ||
| 005 | 20240515091134.1 | ||
| 041 | 0 | |a slo | |
| 044 | |a SK | ||
| 245 | 1 | 0 | |a Analýza najvýznamnejších exportných trhov vo vybranom SR podniku |b diplomová práca |c Zuzana Matejovičová ; školiteľ: Martin Novysedlák |
| 264 | 1 | |a Bratislava |c 2023 | |
| 300 | |a 62 s. | ||
| 100 | 1 | |a Matejovičová, Zuzana | |
| 700 | 1 | |a Novysedlák, Martin, 1991- | |
| 710 | 2 | |a Fakulta podnikového manažmentu EU. Katedra manažmentu | |